Loading...
| History - American | 3 | 4 | 0 | 1 | 85 | 18 | 84.00 | 1 | 2 | 0.00 | 0.00 |
| History - European | 0 | 8 | 1 | 0 | 75 | 79 | 108.75 | 1 | 2 | 0.00 | 0.00 |
| Beliefs | 0 | 4 | 1 | 2 | 35 | 125 | 136.75 | 0 | 1 | 0.00 | 0.00 |
| Literature - World | 1 | 2 | 0 | 1 | 35 | 84 | 104.00 | 2 | 2 | 0.00 | 0.00 |
| Literature - European | 0 | 3 | 0 | 0 | 30 | 109 | 115.33 | 0 | 1 | 0.00 | 0.00 |
| History - Ancient | 0 | 3 | 0 | 1 | 30 | 104 | 125.00 | 0 | 0 | 0.00 | 0.00 |
| History - World | 0 | 3 | 1 | 0 | 25 | 81 | 105.00 | 1 | 1 | 0.00 | 0.00 |
| Philosophy | 1 | 1 | 0 | 0 | 25 | 74 | 99.50 | 0 | 1 | 0.00 | 0.00 |
| History - Other | 1 | 1 | 0 | 0 | 25 | 74 | 102.00 | 0 | 1 | 0.00 | 0.00 |
| Other Academic | 1 | 0 | 0 | 0 | 15 | 75 | 75.00 | 0 | 1 | 0.00 | 0.00 |
| Literature - American | 0 | 1 | 1 | 0 | 5 | 89 | 89.00 | 0 | 1 | 0.00 | 0.00 |
| Literature - British | 0 | 1 | 1 | 0 | 5 | 99 | 99.00 | 0 | 0 | 0.00 | 0.00 |
| Social Science | 0 | 0 | 1 | 0 | -5 | 0.00 | 0 | 0 | 0.00 | 0.00 |